000 00725nam a2200205 a 4500
001 000023872
005 20200930022530.0
008 110114s1979 cr a r 000 0 spa d
040 _aDO-SdBNP
_bspa
_cBNPHU
082 _a674
_bF475f
100 1 _aFigueres Ferrer, José,
_949111
245 1 0 _aFranjas de luz :
_barboricultura en el paralelo 10 /
_cJosé Figueres Ferrer ; prólogo de Fernando Volio Jiménez.
260 _aCosta Rica :
_bTecnológica,
_c1979.
300 _a134 p. :
_bil. ;
_c19 cm.
504 _aIncluye referencias bibliográficas y notas al pie de las páginas.
650 4 _aArboricultura
_922218
650 4 _aHorticultura
_91879
700 1 _aVolio Jiménez, Fernando,
_epról.
_949112
049 _aBNGR
999 _c23368
_d23368